|
|
|
|
| LEADER |
00000nab a2200000 a 4500 |
| 001 |
vtls000812437 |
| 003 |
SK-MaSNL |
| 005 |
20260426083034.0 |
| 008 |
250429c2002 xo 0 slo |
| 015 |
|
|
|a SNBRB2002/11-37411
|
| 035 |
|
|
|a CLN000164092
|
| 035 |
|
|
|a (urnnbn)urn:nbn:sk:snk:ar-a07m0g
|
| 035 |
|
|
|a (uuid)13ca9d25-7474-48f9-a669-1aaa81dbca6c
|
| 035 |
|
|
|a urn:nbn:sk:snk-ab8a27
|
| 040 |
|
|
|a SNKBUCL
|b slo
|c SNKBUCL
|e AACR2
|
| 041 |
0 |
|
|a eng
|b eng
|
| 044 |
|
|
|a xo
|c SK
|
| 080 |
|
|
|a 616.34:616.9-053.2(437.6)
|2 1997
|
| 245 |
0 |
0 |
|a Prevalence of intestinal parasites in children of Turiec region, Central Slovakia, in a long-term survey (1970-2001)
|c Štefan Straka ... [et al.]
|
| 300 |
|
|
|b Graf, tab.
|
| 504 |
|
|
|a Res. angl.
|
| 504 |
|
|
|a Bibliogr. odkazy
|
| 650 |
0 |
7 |
|a prevalencia
|2 SNKPH
|9 840846
|
| 650 |
0 |
7 |
|a deti
|2 SNKPH
|9 773
|
| 650 |
0 |
7 |
|a parazitológia
|2 SNKPH
|9 19985
|
| 650 |
0 |
7 |
|a epidemiológia
|2 SNKPH
|9 836
|
| 650 |
0 |
7 |
|a choroby detí
|2 SNKPH
|9 79071
|
| 651 |
|
7 |
|a Slovensko
|2 SNKPHgeo
|9 14231
|
| 655 |
|
7 |
|a články z novín a časopisov
|2 snkbucl
|9 267496
|
| 700 |
1 |
|
|a Straka, Štefan,
|d 1932-
|4 aut
|9 197191
|
| 700 |
1 |
|
|a Baška, Tibor,
|d 1969-
|4 aut
|9 188361
|
| 700 |
1 |
|
|a Maďar, Rastislav,
|d 1973-
|4 aut
|9 205008
|
| 700 |
1 |
|
|a Hudečková, Henrieta,
|d 1955-
|4 aut
|9 192976
|
| 773 |
0 |
|
|t Acta medica Martiniana
|g Roč. 2, č. 1 (2002), s. 28-32
|x 1335-8421
|
| 850 |
|
|
|a Slovenská národná knižnica
|
| 852 |
|
|
|a Slovenská národná knižnica
|
| 958 |
|
|
|a article9
|
| 958 |
|
|
|a NB
|
| 958 |
|
|
|a MI
|
| 958 |
|
|
|a SK
|
| 958 |
|
|
|a OND
|
| 958 |
|
|
|a EUIPO
|
| 992 |
|
|
|a RBX
|
| 999 |
|
|
|c 2893713
|d 2895643
|